Responses for Show #6644 - Thursday, July 4, 2013

Ben Ingram game 4.

Contestants

[<< previous game]

Karen O'Donnell, a website manager from Washington, D.C.

Hunter Sandison, a camera operator from Los Angeles, California (whose 1-day cash winnings total $11,200)

Ben Ingram, an IT consultant originally from Florence, South Carolina (whose 3-day cash winnings total $53,230)

[next game >>]

Jeopardy! Round responses

WHAT'S ON YOUR iPOD?
2 COMPLETELY UNRELATED ITEMS
RHYME TIME
HAPPY BIRTHDAY!
ANATOMICALLY CORRECT
POLITICALLY INCORRECT
(Alex: You have to identify the president who is speaking.)
    $200 21
The Black Eyed Peas

Karen
    $200 22
Sesame Street

Ben
    $200 2
Kennedy

Hunter
    $400 20
(Alex: With a minute to go... less than a minute.)

The Kinks

Hunter
    $400 26
[The end-of-round signal sounds.]

Argentina & Chanel

Ben
    $400 25
dapper rapper

Hunter
    $400 24
Champagne

Hunter
    $400 23
George H.W. Bush

Ben
    $600 17
(Ben: What is Madame Butterfly?)

La bohème

Ben
Triple Stumper
    $600 8
the Baltimore Ravens & Prince Charles

Triple Stumper
    $600 5
particle article

Ben
    $600 10
icebox cake

Triple Stumper
    $1,000 12
kidney

Hunter
    $600 1
Richard Nixon

Karen
    $800 18
Quest

Hunter
    $800 9
Mentos & kabbalah

Triple Stumper
    $800 6
vane Dane

Ben
    $800 11
diamond

Hunter
    $800 14
the ear

Hunter
    $800 3
(Karen: Who is Jimmy Carter?)

Reagan

HunterKaren
    $1000 19
(Karen: What is R.E.M.?)

XTC

Karen
Triple Stumper
    $1000 16
3 & the longhorns

Ben
    $1000 7
bingo lingo

Ben
    $1000 13
Hyundai

Hunter
    $1000 15
frontal lobe

Ben
    $1000 4
(Gerald) Ford

Ben

Scores at the first commercial break (after clue 12):

Ben Hunter Karen
$3,400 $2,800 -$200

Scores at the end of the Jeopardy! Round:

Ben Hunter Karen
$5,800 $6,600 -$1,000

Double Jeopardy! Round responses

A QUICK CATEGORY
HEY, "MISTER"!
WHO WROTE THAT?
4-LETTER FISH
SIMILES
AT THE DRIVE-IN
(Alex: And drive-in theaters are celebrating their 80th anniversary this year in 2013.)
    $400 10
rapids

Hunter
    $400 8
Mr. T.

Hunter
    $400 6
(Amy) Tan

Ben
    $400 1
tuna

Hunter
    $400 17
onion

Karen
    $400 28
New Jersey

Karen
    $800 13
Brisk

Hunter
    $800 9
Mister Rogers

Ben
    $800 23
Dickens

Ben
    $800 3
pike

Triple Stumper
    $800 18
white as snow

Karen
    $800 24
daylight savings time

Karen
    $3,000 7
swift

Ben
    $1200 11
Mr. Bill

Hunter
    $1200 2
sole

Karen
    $1200 19
Cars

Hunter
    $1200 16
The Flintstones

Ben
    $1600 12
accelerant

Karen
    $1600 15
Mr. Ed

Hunter
    $1600 26
James Hilton

Karen
    $1600 4
bass

Karen
    $1600 21
fit as a fiddle

Hunter
    $1600 29
[The end-of-round signal sounds.]

flea market

Hunter
    $2000 20
presto

Ben
    $2000 14
Mr. Clean

Karen
    $2000 25
James Baldwin

Triple Stumper
    $1,000 5
(Karen: What is... I have no clue.)

mako

Karen
    $2000 22
(Karen: What is the Bank of London?)
...
(Alex: A minute to go now, Hunter.)

Bank of England

Karen
Triple Stumper
    $2000 27
speakers

Ben

Scores at the end of the Double Jeopardy! Round:

Ben Hunter Karen
$16,000 $15,800 $6,400

[wagering suggestions for these scores]

Final Jeopardy! Round responses

SAINTS ON THE MAP
(Alex: [To Hunter] What is [*], California? You are correct, the capital of Costa Rica.)
KarenWhat is Saint Augustine
$1,400
HunterWhat San Jose
$15,800
BenWhat is San Jose
$15,601
San Jose

Final scores:

Ben Hunter Karen
$31,601 $31,600 $5,000
4-day champion: $84,831 2nd place: $2,000 3rd place: $1,000

Game dynamics:

Coryat scores:

Ben Hunter Karen
$14,200 $15,400 $7,400
16 R
(including 1 DD),
1 W
19 R
(including 1 DD),
0 W
11 R,
4 W
(including 1 DD)

Combined Coryat: $37,000

[game clues] [game scores] [suggest correction]

Game tape date: 2013-03-27
The J! Archive is created by fans, for fans. Scraping, republication, monetization, and malicious use prohibited; this site may use cookies and collect identifying information. See terms. The Jeopardy! game show and all elements thereof, including but not limited to copyright and trademark thereto, are the property of Jeopardy Productions, Inc. and are protected under law. This website is not affiliated with, sponsored by, or operated by Jeopardy Productions, Inc. Join the discussion at JBoard.tv.